TIME Person of the Year - Sudden Death - Statistics

General Stats
  • This quiz has been taken 130 times
  • The average score is 2 of 19
Answers on the Grid
Answers color-coded by a green-red scale on the quiz's grid according to % correct below.
Donald Trump
Mother Teresa
Stephen Hawking
Narendra Modi
Leonid Brezhnev
Princess Diana
Charles de Gaulle
Malcolm X
Benjamin Netanyahu
Charles Lindbergh
Bill Gates
Kamala Harris
Albert Einstein
Wallis Simpson
Lech Wałęsa
Ronald Reagan
Mao Zedong
Hillary Clinton
Angela Merkel
Osama bin Laden
Franklin Delano Roosevelt
Steve Jobs
Emmanuel Macron
Richard Nixon
Adolf Hitler
Yasser Arafat
Ho Chi Minh
Queen Elizabeth II
Volodymyr Zelensky
Idi Amin
Neil Armstrong
Elon Musk
Mohammad Mossadegh
Taylor Swift
Fidel Castro
Greta Thunberg
Martin Luther King Jr.
Boris Johnson
Henry Kissinger
Rupert Murdoch
 
Answer Stats
Answer % Correct
Donald Trump
93%
Adolf Hitler
19%
Greta Thunberg
16%
Taylor Swift
12%
Angela Merkel
10%
Elon Musk
10%
Martin Luther King Jr.
10%
Franklin Delano Roosevelt
7%
Queen Elizabeth II
7%
Richard Nixon
7%
Ronald Reagan
7%
Volodymyr Zelensky
7%
Henry Kissinger
5%
Charles de Gaulle
4%
Kamala Harris
4%
Charles Lindbergh
3%
Lech Wałęsa
3%
Mohammad Mossadegh
1%
Wallis Simpson
0%
No matching quizzes found
Score Distribution
Percent of People with Each Score
Percentile by Number Answered
Your Score History
You have not taken this quiz